000 00766cam a22002653a 4500
001 21489
003 PGUSA
005 20140828083446.0
008 070516s2007||||xxu|||||s|||||000 1 eng d
040 _aPGUSA
_beng
042 _adc
050 4 _aPQ
100 1 _aVerne, Jules,
_d1828-1905
245 1 4 _aThe Secret of the Island
_h[electronic resource] /
_cJules Verne
260 _bProject Gutenberg,
_c2007
506 _aPublic domain in the USA.
516 _aElectronic text
653 _aIslands of the Pacific -- Fiction
653 _aCastaways -- Fiction
653 _aScience fiction
700 1 _aKingston, William Henry Giles,
_d1814-1880
830 0 _aProject Gutenberg
_v21489
856 4 0 _uhttp://www.gutenberg.org/ebooks/21489
942 _cEB
999 _c250744
_d250744